| 000 | 00473nam a2200169 i 4500 | ||
|---|---|---|---|
| 001 | bg | ||
| 100 | 1 | _aSMIRNOV, S. A. | |
| 245 | 0 |
_aFizika i technika silnych magnitnych polej : _bSbornik referatow 1873-1968 / _cS.A. Smirnov, A.V. Georgivskij, V.M. Justina. |
|
| 250 | _aWyd.2. | ||
| 260 |
_aMoskwa, _c1970. |
||
| 700 | 1 | _aGEORGIEVSKIJ, A. V. | |
| 700 | 1 | _aJUSTINA, V. M. | |
| 040 | _cBPK | ||
| 041 | _apol | ||
| 942 | _cKS | ||
| 008 | s pl f |000 0 pol | ||
| 999 |
_c15499 _d15499 |
||
| 856 |
_uhttp://koha.tu.koszalin.pl/cgi-bin/koha/opac-detail.pl?biblionumber=15499 _yKatalog online BPK |
||